| 000 -LEADER |
| fixed length control field |
00864nam a22001937a 4500 |
| 005 - DATE AND TIME OF LATEST TRANSACTION |
| control field |
20241115133510.0 |
| 008 - FIXED-LENGTH DATA ELEMENTS--GENERAL INFORMATION |
| fixed length control field |
241115b ||||| |||| 00| 0 eng d |
| 020 ## - INTERNATIONAL STANDARD BOOK NUMBER |
| International Standard Book Number |
9781447262886 |
| 040 ## - CATALOGING SOURCE |
| Transcribing agency |
KH8 |
| 082 ## - DEWEY DECIMAL CLASSIFICATION NUMBER |
| Classification number |
FIC BLU |
| 100 ## - MAIN ENTRY--PERSONAL NAME |
| Personal name |
Blume, Judy |
| Relator term |
Author |
| 245 ## - TITLE STATEMENT |
| Title |
Double Fudge |
| Statement of responsibility, etc. |
Judy Blume |
| 260 ## - PUBLICATION, DISTRIBUTION, ETC. |
| Place of publication, distribution, etc. |
UK |
| Name of publisher, distributor, etc. |
Pan Macmillan |
| Date of publication, distribution, etc. |
2014 |
| 300 ## - PHYSICAL DESCRIPTION |
| Extent |
304P |
| 520 ## - SUMMARY, ETC. |
| Summary, etc. |
Uh oh, what's Fudge up to now?!<br/><br/>Pete's little brother, Fudge, has a new obsession. He's mad about money and he wants loads of it. In fact, he's going to print a hundred million trillion 'Fudge Bucks' and buy the whole world. Or maybe he'll just settle for buying the capital city of America and call it Fudgington.<br/><br/>He's driving Pete nuts. Will Fudge ever stop being the most embarrassing brother on the planet? |
| 650 ## - SUBJECT ADDED ENTRY--TOPICAL TERM |
| Topical term or geographic name entry element |
Fiction |
| 650 ## - SUBJECT ADDED ENTRY--TOPICAL TERM |
| Topical term or geographic name entry element |
Children's story |
| 942 ## - ADDED ENTRY ELEMENTS (KOHA) |
| Source of classification or shelving scheme |
|
| Koha item type |
Books - Fiction |